Analysis, synthesis, and design of chemical processes

More than ever, effective design is the focal point of sound chemical engineering. Analysis, Synthesis, and Design of Chemical Processes, Third Edition presents design as a creative process that integrates both the big picture and the small details—and knows which to stress when, and why. Realistic...

全面介紹

Đã lưu trong:
書目詳細資料
主要作者: Turton, Richard
格式: 圖書
語言:Undetermined
出版: New Jersey Prentice Hall 2003
主題:
標簽: 添加標簽
沒有標簽, 成為第一個標記此記錄!
Thư viện lưu trữ: Trung tâm Học liệu Trường Đại học Cần Thơ
LEADER 01195nam a2200217Ia 4500
001 CTU_124002
008 210402s9999 xx 000 0 und d
020 |c 1490000 
082 |a 660.2812 
082 |b A532 
100 |a Turton, Richard 
245 0 |a Analysis, synthesis, and design of chemical processes 
245 0 |c Richard Turton ... [et al.] 
260 |a New Jersey 
260 |b Prentice Hall 
260 |c 2003 
520 |a More than ever, effective design is the focal point of sound chemical engineering. Analysis, Synthesis, and Design of Chemical Processes, Third Edition presents design as a creative process that integrates both the big picture and the small details—and knows which to stress when, and why. Realistic from start to finish, this book moves readers beyond classroom exercises into open-ended, real-world process problem solving. The authors introduce integrated techniques for every facet of the discipline, from finance to operations, new plant design to existing process optimization. 
650 |a Chemical processes 
904 |i Nguyên 
910 |a Sách kèm đĩa số: AV.000806 
980 |a Trung tâm Học liệu Trường Đại học Cần Thơ